Praha. Staroměstské náměstí Soubor 15 pohlednic ; Průvodní slovo a popisy snímků Bedřich Tykva ; Fotogr. Karel Vlček

Bibliographic Details
Other Authors: Tykva, Bedřich, 1944- (tex), Vlček, Karel (Photographer)
Format: Book
Language:Czech
PhysicalDescription:10 s., 15 fot. v prebale 15 cm
Published: Praha Pressfoto 1991
ISBN:8070460644
Edition:3. vyd.

MARC

LEADER 00000nam a2200000 a 4500
001 vtls001194501
003 SK-MaSNL
005 20260301002809.0
008 250414s1991 CS 0 cze
020 |a 8070460644 
035 |a SNK000137569 
040 |a SNK  |b slo  |c SNK  |e AACR2 
041 0 |a cze 
044 |a [CS] 
080 |a 908.437-25:779  |2 1981 
080 |a 779  |2 1981 
245 0 0 |a Praha. Staroměstské náměstí  |b Soubor 15 pohlednic ; Průvodní slovo a popisy snímků Bedřich Tykva ; Fotogr. Karel Vlček 
250 |a 3. vyd. 
260 |a Praha  |b Pressfoto  |c 1991 
300 |a 10 s., 15 fot. v prebale  |c 15 cm 
500 |a Súbež. text angl., franc., tal., nem., rus. a špan. ; p. aj: Tykva, Bedřich ; Vlček, Karel 
700 1 |a Tykva, Bedřich,  |d 1944-  |4 tex  |9 221125 
700 1 |a Vlček, Karel  |4 pht  |9 283218 
852 |a Slovenská národná knižnica 
919 |a 80-7046-064-4 
954 |a Praha 
999 |c 538076  |d 540006 
952 |t P60, <04>, [BOOK], {604}  |a SNK  |b SNK  |y VYP  |7 0  |p 17A0220925  |o snkOIE 2259 D1  |0 0  |1 0  |4 0  |d 1999-12-08  |l 0  |r 2005-01-01 00:00:00  |w 2026-02-23